主要都市の市章 - Statistics

General Stats
  • This quiz has been taken 187 times
  • The average score is 29 of 131
Answer Stats
Picture Answer % Correct
江東区
77%
太田市
73%
富士市
61%
名古屋市
58%
京都市
54%
大阪市
54%
静岡市
50%
横浜市
49%
金沢市
49%
神戸市
44%
福岡市
44%
高松市
41%
札幌市
39%
渋谷区
39%
八王子市
39%
仙台市
37%
さいたま市
35%
千葉市
34%
福山市
34%
浜松市
33%
和歌山市
33%
熊本市
32%
新宿区
30%
前橋市
29%
豊島区
29%
足立区
29%
堺市
29%
旭川市
28%
広島市
28%
川崎市
27%
大和市
27%
富山市
27%
千代田区
25%
港区
25%
倉敷市
25%
久留米市
25%
奈良市
24%
鹿児島市
24%
柏市
23%
葛飾区
23%
岐阜市
23%
津市
23%
松山市
23%
北九州市
23%
佐世保市
23%
練馬区
22%
厚木市
22%
沼津市
22%
一宮市
22%
豊田市
22%
川越市
20%
船橋市
20%
長野市
20%
高槻市
20%
いわき市
19%
杉並区
19%
長岡市
19%
福島市
18%
つくば市
18%
宇都宮市
18%
川口市
18%
品川区
18%
甲府市
18%
鳥取市
18%
大分市
18%
文京区
17%
世田谷区
17%
横須賀市
17%
豊橋市
17%
下関市
17%
函館市
16%
新潟市
16%
大津市
16%
岡山市
16%
高知市
16%
盛岡市
15%
山形市
15%
郡山市
15%
中央区
15%
相模原市
15%
平塚市
15%
四日市市
15%
東大阪市
15%
山口市
15%
長崎市
15%
那覇市
15%
青森市
14%
秋田市
14%
水戸市
14%
春日部市
14%
目黒区
14%
大田区
14%
板橋区
14%
江戸川区
14%
上越市
14%
福井市
14%
吹田市
14%
枚方市
14%
尼崎市
14%
西宮市
14%
松江市
14%
徳島市
14%
八戸市
13%
台東区
13%
明石市
13%
加古川市
13%
宮崎市
13%
墨田区
12%
北区
12%
茅ヶ崎市
12%
岡崎市
12%
寝屋川市
12%
岸和田市
12%
茨木市
12%
姫路市
12%
宝塚市
12%
呉市
12%
佐賀市
12%
高崎市
11%
荒川区
11%
松本市
11%
豊中市
11%
八尾市
11%
伊勢崎市
10%
越谷市
10%
熊谷市
10%
所沢市
10%
草加市
10%
中野区
10%
小田原市
10%
春日井市
9%
No matching quizzes found
Score Distribution
Percent of People with Each Score
Percentile by Number Answered
Your Score History
You have not taken this quiz